Descubres tus fuerzas activas: los siete retos de la vida

Zapisane w:
Opis bibliograficzny
1. autor: Cruellas, Philippe (Autor)
Format: Książka
Język:hiszpański
Wydane: Bilbao Mensajero 1997
Seria:Colección Biblioteca Autorrealización oriente-Occidente
Hasła przedmiotowe:
Etykiety: Dodaj etykietę
Nie ma etykietki, Dołącz pierwszą etykiete!

MARC

LEADER 00000nam a2200000 a 4500
001 UCP8824
003 CL-VaPUC
008 000317e19970000SP |||||||||||||||||spa|d
082 0 4 |a 158.1  |b CRU  |2 21 
100 0 |a Cruellas, Philippe  |e author  |9 439071 
245 1 0 |a Descubres tus fuerzas activas: los siete retos de la vida 
300 |a 199 p 
942 |c BK 
945 |d 20000317 00:00:00  |a rbrito 
260 |a Bilbao  |b Mensajero  |c 1997 
650 0 |a Psicología aplicada   |9 270762 
650 0 |a Personalidad   |9 307255 
650 7 |a DESARROLLO DE LA PERSONALIDAD  |2 CL-VaPUC  |9 311216 
583 |a last modification  |c 20130106 10:22:47  |k Rodrigo Vera 
490 0 |a Colección Biblioteca Autorrealización oriente-Occidente 
999 |c 285706  |d 285704 
952 |0 0  |1 0  |4 0  |6 158_100000000000000_CRU_1997  |7 0  |8 A  |9 330469  |a BIBEDU  |b BIBEDU  |d 2019-11-20  |i 3596354  |o 158.1 CRU 1997  |p 3596354  |r 2019-11-20  |w 2019-11-20  |y BK  |k EPE